000 00722nam a2200241Ia 4500
003 OSt
005 20220925235334.0
006 a|||||r|||| 00| 0
007 ta
008 220923b |||||||| |||| 00| 0 eng d
020 _a97889524456
_c35
037 _b877, 12/03/2013, Pranami Book Service
_cGeneral Book
040 _aRTL
_cRTL
_beng
041 _2eng
_aeng
082 _aYxM95:g, P9
100 _aHORKHEIMER Max
_929442
245 0 _aTraditional and critical theory.
260 _a New Delhi
_bCritical Quest
_c2009
300 _a48p.
_ccm.
650 _aSociology
942 _hYxM95:g, P9
_cGB
_2CC
999 _c597195
_d597195